[Event "22. Torneo San Viator"]
[Site "Madrid ESP"]
[Date "2014.03.30"]
[Round "2.16"]
[White "Camarero Izquierdo, Juan Carlo"]
[Black "Lacaci Otero, Ivan"]
[Result "1-0"]
[WhiteElo "1864"]
[BlackElo "1728"]
[PlyCount "185"]
[EventDate "2014.03.23"]
[EventType "swiss"]
[EventRounds "9"]
[EventCountry "ESP"]
[SourceTitle "Ajedrez en Madrid"]
[Source "lmi"]
[SourceDate "2014.03.23"]
[SourceVersion "1"]
[SourceVersionDate "2014.07.21"]
[SourceQuality "1"]

1. d4 Nf6 2. Nc3 d5 3. Bg5 Nbd7 4. Nf3 g6 5. Qd3 Bg7 6. O-O-O h6 7. Bh4 c6 8.
Ne5 Nxe5 9. dxe5 Bf5 10. Qd4 Nd7 11. f4 Qb6 12. Qd2 g5 13. fxg5 Nxe5 14. e3 Ng4
15. Re1 Qb4 16. h3 Bxc3 17. bxc3 Qa3+ 18. Kb1 Ne5 19. gxh6 b5 20. Bg3 Nc4 21.
Bxc4 bxc4 22. Ka1 Be4 23. Bf4 f6 24. Rb1 e5 25. Bh2 Rxh6 26. Rb7 Rg6 27. Rg1
O-O-O 28. Rf7 Rd7 29. Rxd7 Kxd7 30. g4 Rh6 31. Rg3 Rh8 32. Rg1 Rxh3 33. g5 Ke6
34. gxf6 Kxf6 35. Rf1+ Ke6 36. Bxe5 Kxe5 37. Qd4+ Ke6 38. Qf6+ Kd7 39. Qg7+ Ke8
40. Qg8+ Kd7 41. Rf7+ Qe7 42. Qg4+ Kd6 43. Qf4+ Kd7 44. Rxe7+ Kxe7 45. Qc7+ Kf6
46. Qxc6+ Kg5 47. Qc7 Rxe3 48. Qxa7 Kf4 49. Qd4 Re2 50. a4 Rxc2 51. a5 Rc1+ 52.
Ka2 Rb1 53. a6 Rb5 54. a7 Ra5+ 55. Kb2 Rb5+ 56. Ka3 Rb1 57. Ka4 Kf3 58. Ka5 Ke2
59. Ka6 Bd3 60. Qxd5 Kd2 61. Qd4 Kc2 62. a8=Q Ra1+ 63. Kb7 Rxa8 64. Kxa8 Kb3
65. Ka7 Ka4 66. Qb6 Ka3 67. Ka6 Ka2 68. Ka5 Bc2 69. Qb4 Bb3 70. Kb5 Kb2 71.
Qxc4 Bxc4+ 72. Kxc4 Ka3 73. Kb5 Kb3 74. c4 Kc3 75. c5 Kd4 76. c6 Kd5 77. c7 Kd6
78. c8=R Ke5 79. Kc4 Kd6 80. Rc5 Kd7 81. Kd5 Ke7 82. Rc6 Kd7 83. Kc5 Ke7 84.
Rd6 Kf7 85. Kd5 Ke7 86. Ke5 Kf7 87. Re6 Kg7 88. Rf6 Kg8 89. Ke6 Kg7 90. Ke7 Kg8
91. Rg6+ Kh7 92. Kf7 Kh8 93. Rh6# 1-0

[Event "22. Torneo San Viator"]
[Site "Madrid ESP"]
[Date "2014.03.30"]
[Round "2.17"]
[White "Correas Aguilera, Eufemio"]
[Black "Munoz Cebey, Ricardo"]
[Result "1-0"]
[WhiteElo "1727"]
[BlackElo "1878"]
[PlyCount "51"]
[EventDate "2014.03.23"]
[EventType "swiss"]
[EventRounds "9"]
[EventCountry "ESP"]
[SourceTitle "Ajedrez en Madrid"]
[Source "lmi"]
[SourceDate "2014.03.23"]
[SourceVersion "1"]
[SourceVersionDate "2014.07.21"]
[SourceQuality "1"]

1. Nf3 d5 2. c4 c6 3. b3 Nf6 4. g3 Bf5 5. Bg2 e6 6. O-O h6 7. Bb2 Be7 8. d3 O-O
9. Nbd2 Nbd7 10. Re1 Qa5 11. a3 Rfd8 12. cxd5 cxd5 13. b4 Qa6 14. Rc1 Rac8 15.
Qb3 b5 16. Nd4 Bh7 17. e4 dxe4 18. dxe4 Nb8 19. N4f3 Rxc1 20. Rxc1 Nxe4 21.
Nxe4 Bxe4 22. Rc7 Rd3 23. Qc2 Qd6 24. Rc8+ Kh7 25. Ng5+ Bxg5 26. Bxe4+ 1-0

[Event "22. Torneo San Viator"]
[Site "Madrid ESP"]
[Date "2014.03.30"]
[Round "2.19"]
[White "Castillo Sanz, Javier"]
[Black "Corrochano Utrilla, David"]
[Result "1-0"]
[WhiteElo "1815"]
[BlackElo "1710"]
[PlyCount "76"]
[EventDate "2014.03.23"]
[EventType "swiss"]
[EventRounds "9"]
[EventCountry "ESP"]
[SourceTitle "Ajedrez en Madrid"]
[Source "lmi"]
[SourceDate "2014.03.23"]
[SourceVersion "1"]
[SourceVersionDate "2014.07.21"]
[SourceQuality "1"]

1. c4 c6 2. g3 d5 3. cxd5 cxd5 4. Nf3 Nf6 5. Bg2 Nc6 6. d4 Bf5 7. a3 e6 8. O-O
Bd6 9. Nc3 a6 10. b4 b5 11. Nh4 Bg6 12. Nxg6 hxg6 13. e4 dxe4 14. Nxe4 Nxe4 15.
Bxe4 Rc8 16. Be3 Ne7 17. Qf3 O-O 18. Rac1 Nf5 19. Bxf5 exf5 20. Rxc8 Qxc8 21.
Rc1 Qa8 22. Qxa8 Rxa8 23. Rc6 Be7 24. f4 Bf6 25. d5 Kf8 26. Bc5+ Ke8 27. d6 Kd7
28. Rc7+ Ke6 29. Kf2 Bd8 30. Rb7 g5 31. fxg5 Bxg5 32. h4 Bf6 33. Kf3 Be5 34.
Re7+ Kf6 35. g4 fxg4+ 36. Ke4 Bxd6 37. Bxd6 Rh8 38. Ra7 Rxh4 1-0

[Event "22. Torneo San Viator"]
[Site "Madrid ESP"]
[Date "2014.03.30"]
[Round "2.20"]
[White "Rodriguez Lucena, Angel"]
[Black "Garcia Sanjuan, Jose"]
[Result "0-1"]
[WhiteElo "1706"]
[BlackElo "1867"]
[PlyCount "52"]
[EventDate "2014.03.23"]
[EventType "swiss"]
[EventRounds "9"]
[EventCountry "ESP"]
[SourceTitle "Ajedrez en Madrid"]
[Source "lmi"]
[SourceDate "2014.03.23"]
[SourceVersion "1"]
[SourceVersionDate "2014.07.21"]
[SourceQuality "1"]

1. e4 b6 2. d4 Bb7 3. Bd3 Nf6 4. Qe2 Nc6 5. c3 e6 6. Nf3 Be7 7. Ng5 h6 8. Nxf7
Kxf7 9. e5 Nd5 10. Qh5+ Kg8 11. h4 Qf8 12. Rh3 Nf4 13. Bxf4 Qxf4 14. Nd2 Rf8
15. Rf3 Qxh4 16. Rxf8+ Kxf8 17. Qf3+ Ke8 18. g3 Qh3 19. O-O-O Rf8 20. Bg6+ Kd8
21. Qe2 Qg2 22. Rf1 Qd5 23. b3 Qa5 24. Nb1 Ba6 25. Bd3 Bxd3 26. Qxd3 Qxa2 0-1

[Event "22. Torneo San Viator"]
[Site "Madrid ESP"]
[Date "2014.03.30"]
[Round "2.21"]
[White "Lizon Martinez, Santiago"]
[Black "Moreno Zamora, Gregorio"]
[Result "0-1"]
[WhiteElo "1804"]
[BlackElo "1702"]
[PlyCount "78"]
[EventDate "2014.03.23"]
[EventType "swiss"]
[EventRounds "9"]
[EventCountry "ESP"]
[SourceTitle "Ajedrez en Madrid"]
[Source "lmi"]
[SourceDate "2014.03.23"]
[SourceVersion "1"]
[SourceVersionDate "2014.07.21"]
[SourceQuality "1"]

1. e4 c6 2. d4 d5 3. e5 c5 4. c3 Nc6 5. h3 cxd4 6. cxd4 Bf5 7. Nf3 e6 8. Bd3
Bxd3 9. Qxd3 Qb6 10. O-O Nge7 11. Na3 a6 12. Nc2 Ng6 13. Rb1 Be7 14. Bd2 a5 15.
a3 O-O 16. Ng5 Bxg5 17. Bxg5 a4 18. h4 Qb3 19. Qd2 h6 20. Na1 Qc4 21. h5 hxg5
22. hxg6 Qxd4 23. gxf7+ Rxf7 24. Qxd4 Nxd4 25. Rbd1 Nc6 26. Rfe1 Re8 27. Nc2
Rf5 28. Nd4 Rxe5 29. Rxe5 Nxe5 30. Re1 Nd3 31. Rxe6 Rxe6 32. Nxe6 Nxb2 33. Nd4
Nc4 34. Nc2 Kf7 35. Kf1 Ke6 36. Ke2 Kd6 37. Kd3 Kc5 38. Kc3 b5 39. f3 Nxa3 0-1

[Event "22. Torneo San Viator"]
[Site "Madrid ESP"]
[Date "2014.03.30"]
[Round "2.22"]
[White "San Felipe Gonzalez, Tomas"]
[Black "Linares Leyva, David"]
[Result "0-1"]
[WhiteElo "1701"]
[BlackElo "1838"]
[PlyCount "148"]
[EventDate "2014.03.23"]
[EventType "swiss"]
[EventRounds "9"]
[EventCountry "ESP"]
[SourceTitle "Ajedrez en Madrid"]
[Source "lmi"]
[SourceDate "2014.03.23"]
[SourceVersion "1"]
[SourceVersionDate "2014.07.21"]
[SourceQuality "1"]

1. d4 Nf6 2. c4 c5 3. d5 b5 4. cxb5 a6 5. bxa6 Bxa6 6. Nc3 d6 7. Nf3 g6 8. g3
Bg7 9. Bg2 Nbd7 10. O-O O-O 11. Qc2 Qc7 12. Rd1 Rfb8 13. Rb1 Ra7 14. b3 Ng4 15.
Bb2 c4 16. Ne4 cxb3 17. Qxc7 Rxc7 18. Bxg7 Kxg7 19. axb3 Bxe2 20. Rd2 Bxf3 21.
Bxf3 Nge5 22. Be2 Rcb7 23. f4 Rb4 24. Nf2 Nc4 25. Bxc4 Rxc4 26. Rdb2 Rcb4 27.
Re1 Kf8 28. Rbe2 Re8 29. Re3 Nf6 30. Rd1 Reb8 31. Rdd3 R8b5 32. Rc3 Nxd5 33.
Rc8+ Kg7 34. Re2 Rxb3 35. Ne4 Rb1+ 36. Kf2 R1b2 37. Nd2 Ra5 38. h4 Raa2 39. Ke1
Ra1+ 40. Kf2 Rd1 41. Ne4 Rxe2+ 42. Kxe2 Rd4 43. Ng5 Ra4 44. Re8 h6 45. Nf3 Ra3
46. Kf2 Ra2+ 47. Kg1 Kf6 48. Rh8 Ne3 49. Ne1 Re2 50. Nf3 Rg2+ 51. Kh1 Rxg3 52.
Nd4 Rh3+ 53. Kg1 Rxh4 54. Kf2 Nf5 55. Ne2 Rh2+ 56. Kf3 h5 57. Ng1 Nh4+ 58. Ke3
Rg2 59. Ne2 Nf5+ 60. Kf3 Rh2 61. Nc1 Rh1 62. Nd3 Rh3+ 63. Ke2 Re3+ 64. Kd2 Rf3
65. Nb4 Kg7 66. Re8 Rxf4 67. Nc6 Kf6 68. Nd8 Kg7 69. Nc6 Re4 70. Nd8 h4 71. Nb7
Re3 72. Ra8 Rb3 73. Nd8 h3 74. Ra1 h2 0-1

[Event "22. Torneo San Viator"]
[Site "Madrid ESP"]
[Date "2014.03.30"]
[Round "2.23"]
[White "Franco Rincon, David"]
[Black "Petru, Lucian Olimpiu"]
[Result "1-0"]
[WhiteElo "1685"]
[BlackElo "1805"]
[PlyCount "79"]
[EventDate "2014.03.23"]
[EventType "swiss"]
[EventRounds "9"]
[EventCountry "ESP"]
[SourceTitle "Ajedrez en Madrid"]
[Source "lmi"]
[SourceDate "2014.03.23"]
[SourceVersion "1"]
[SourceVersionDate "2014.07.21"]
[SourceQuality "1"]

1. b4 Nf6 2. Bb2 e6 3. a3 d5 4. e3 c5 5. bxc5 Bxc5 6. Nf3 O-O 7. c4 dxc4 8.
Bxc4 b6 9. O-O Bb7 10. Nc3 Nbd7 11. d4 Be7 12. d5 exd5 13. Nxd5 Rc8 14. Nxe7+
Qxe7 15. Ba2 Rfd8 16. Qe2 Nc5 17. Rfd1 Ba6 18. Rxd8+ Rxd8 19. Bc4 Bb7 20. Nd4
Na4 21. Bc1 a6 22. Bxa6 Nc3 23. Qf1 Bxa6 24. Qxa6 Rxd4 25. Bb2 Rd1+ 26. Rxd1
Nxd1 27. Bd4 h6 28. Qc8+ Kh7 29. Qc2+ Kg8 30. Qxd1 Qxa3 31. Bxb6 g6 32. g3 Kh7
33. Bd4 Qd6 34. Qf3 Kg7 35. Kg2 g5 36. h4 Kg6 37. h5+ Nxh5 38. Qe4+ f5 39. Qe8+
Kh7 40. Qf7+ 1-0

[Event "22. Torneo San Viator"]
[Site "Madrid ESP"]
[Date "2014.03.30"]
[Round "2.24"]
[White "Kremer, Nadine"]
[Black "Yaniz Lana, Francisco Javier"]
[Result "1-0"]
[WhiteElo "1803"]
[BlackElo "1637"]
[PlyCount "125"]
[EventDate "2014.03.23"]
[EventType "swiss"]
[EventRounds "9"]
[EventCountry "ESP"]
[SourceTitle "Ajedrez en Madrid"]
[Source "lmi"]
[SourceDate "2014.03.23"]
[SourceVersion "1"]
[SourceVersionDate "2014.07.21"]
[SourceQuality "1"]

1. e4 c5 2. Nf3 Nc6 3. d4 cxd4 4. Nxd4 g6 5. Nc3 Bg7 6. Be3 Nf6 7. f3 O-O 8.
Qd2 d5 9. exd5 Nxd5 10. Nxc6 bxc6 11. Bd4 Nxc3 12. Bxc3 Qxd2+ 13. Kxd2 Rd8+ 14.
Bd3 Bf5 15. Bxg7 Bxd3 16. cxd3 Kxg7 17. Rac1 Rd6 18. Rc3 Rb8 19. b3 f6 20. Re1
Kf7 21. Re4 a5 22. Rec4 Rb6 23. Rc5 Ra6 24. R3c4 f5 25. Kc3 Ke6 26. Ra4 Rd5 27.
Kc4 Kd6 28. d4 e5 29. dxe5+ Kxe5 30. b4 Kd6 31. Raxa5 Rxa5 32. Rxa5 Rd2 33. Ra7
Rc2+ 34. Kb3 Rxg2 35. Rxh7 Rf2 36. Rh3 Kc7 37. a4 Rf1 38. Rg3 f4 39. Rxg6 Rxf3+
40. Kc4 Rf1 41. Rf6 f3 42. Kd3 Rb1 43. Kc3 Rc1+ 44. Kb2 Rh1 45. Rxf3 Rxh2+ 46.
Kb3 Rh4 47. a5 Re4 48. Rc3 Kb7 49. Rd3 Kc7 50. Kc3 Rh4 51. Rd4 Rh5 52. Rg4 Rf5
53. Rg7+ Kd6 54. a6 Rf8 55. a7 Ra8 56. Kc4 Rc8 57. Rb7 Ra8 58. b5 cxb5+ 59.
Kxb5 Kd5 60. Kb6 Rh8 61. Rb8 Rh6+ 62. Kb5 Rh1 63. a8=Q+ 1-0

[Event "22. Torneo San Viator"]
[Site "Madrid ESP"]
[Date "2014.03.30"]
[Round "2.25"]
[White "Vega De Las Heras, Carlos"]
[Black "Villanueva Ortega, Ruben"]
[Result "1/2-1/2"]
[WhiteElo "1560"]
[BlackElo "1793"]
[PlyCount "114"]
[EventDate "2014.03.23"]
[EventType "swiss"]
[EventRounds "9"]
[EventCountry "ESP"]
[SourceTitle "Ajedrez en Madrid"]
[Source "lmi"]
[SourceDate "2014.03.23"]
[SourceVersion "1"]
[SourceVersionDate "2014.07.21"]
[SourceQuality "1"]

1. d4 b5 2. Nf3 Bb7 3. e3 a6 4. c4 bxc4 5. Bxc4 d5 6. Be2 Nf6 7. O-O e6 8. Nc3
Be7 9. Qb3 Qc8 10. Rd1 O-O 11. Bd2 Nbd7 12. Rac1 c5 13. Qc2 cxd4 14. Nxd4 Bc5
15. Nf3 Ba7 16. Na4 Qb8 17. Qc7 Qc8 18. Qxc8 Raxc8 19. Rxc8 Rxc8 20. Rc1 Rxc1+
21. Bxc1 Ne4 22. Nd2 Nd6 23. b3 d4 24. exd4 Bxd4 25. Bb2 Nf5 26. Bf3 Bc8 27.
Bxd4 Nxd4 28. Ba8 Kf8 29. Nc4 Nb5 30. Ncb6 Nxb6 31. Nxb6 Nd6 32. Nxc8 Nxc8 33.
Bb7 Nb6 34. Bxa6 Nd5 35. Bc4 Nc3 36. a4 Ke7 37. a5 Kd6 38. b4 Kc6 39. Kf1 Ne4
40. Ke2 Nf6 41. f3 h5 42. Kd2 h4 43. h3 Nh5 44. b5+ Kc7 45. b6+ Kc6 46. Bb5+
Kb7 47. Be8 Nf4 48. Bxf7 g5 49. Ke3 Nxg2+ 50. Ke4 Nf4 51. Ke5 Nxh3 52. Bxe6 Nf4
53. Bg4 h3 54. Bxh3 Nxh3 55. Kf5 Ng1 56. Kxg5 Nxf3+ 57. Kf4 Nd4 1/2-1/2

[Event "22. Torneo San Viator"]
[Site "Madrid ESP"]
[Date "2014.03.30"]
[Round "2.26"]
[White "Alonso Pardo, Daniel"]
[Black "Casado Salvo, Jose Maria"]
[Result "1-0"]
[WhiteElo "1552"]
[BlackElo "1673"]
[PlyCount "71"]
[EventDate "2014.03.23"]
[EventType "swiss"]
[EventRounds "9"]
[EventCountry "ESP"]
[SourceTitle "Ajedrez en Madrid"]
[Source "lmi"]
[SourceDate "2014.03.23"]
[SourceVersion "1"]
[SourceVersionDate "2014.07.21"]
[SourceQuality "1"]

1. d4 Nf6 2. c4 e6 3. a3 b6 4. Bg5 Bb7 5. Nc3 Be7 6. e3 O-O 7. Nf3 Ne4 8. Nxe4
Bxe4 9. Bxe7 Qxe7 10. Nd2 Bg6 11. Qf3 c6 12. e4 e5 13. d5 c5 14. Bd3 d6 15. O-O
Qg5 16. Qe2 f5 17. f4 Qe7 18. exf5 Bxf5 19. Rae1 Nd7 20. fxe5 Bxd3 21. Qxd3
Nxe5 22. Qe4 Rae8 23. Rxf8+ Rxf8 24. Rf1 Rxf1+ 25. Nxf1 Qg5 26. Ne3 g6 27. b3
Kg7 28. h3 h5 29. Kh2 Qf6 30. a4 Qf2 31. Nc2 Qf5 32. Qe2 Kf6 33. Qd2 g5 34. Ne3
Qf4+ 35. Kh1 Nd3 36. Qxd3 1-0

[Event "22. Torneo San Viator"]
[Site "Madrid ESP"]
[Date "2014.03.30"]
[Round "2.27"]
[White "Alonso Penalver, Angel"]
[Black "Garcia Rojas, Juan Carlos"]
[Result "0-1"]
[WhiteElo "1748"]
[BlackElo "1548"]
[PlyCount "118"]
[EventDate "2014.03.23"]
[EventType "swiss"]
[EventRounds "9"]
[EventCountry "ESP"]
[SourceTitle "Ajedrez en Madrid"]
[Source "lmi"]
[SourceDate "2014.03.23"]
[SourceVersion "1"]
[SourceVersionDate "2014.07.21"]
[SourceQuality "1"]

1. e4 e5 2. Nf3 Nc6 3. Bb5 d6 4. d4 Bd7 5. Nc3 a6 6. Bxc6 Bxc6 7. dxe5 dxe5 8.
Qxd8+ Rxd8 9. Nxe5 Bd7 10. O-O Bd6 11. Nc4 Be6 12. Nxd6+ Rxd6 13. f4 Ne7 14.
Be3 b6 15. b3 O-O 16. f5 Bc8 17. Ne2 f6 18. Bf4 Rd7 19. Rad1 Rfd8 20. Rxd7 Rxd7
21. Kf2 Bb7 22. Ke3 Nc6 23. c3 Re7 24. Rd1 Kf7 25. g4 g5 26. Bg3 Na7 27. e5
fxe5 28. Rd8 Nc6 29. Rd2 Na5 30. Bf2 Bg2 31. Ng3 e4 32. Rd4 Nc6 33. Rd2 Ne5 34.
h3 Bxh3 35. Nxe4 Nxg4+ 36. Kf3 Ne5+ 37. Kg3 Bxf5 38. Nxg5+ Kg6 39. Kf4 Nd3+ 40.
Kf3 Nxf2 41. Rxf2 Kxg5 42. Rg2+ Kf6 43. Rh2 Rd7 44. Ke3 Rd3+ 45. Kf4 Rxc3 46.
Rh5 Bg6 47. Rd5 Rd3 48. Rg5 Rd4+ 49. Ke3 c5 50. Rg1 h5 51. b4 Rxb4 52. Rd1 Ke5
53. Rg1 Rg4 54. Rf1 Bf5 55. Rh1 Re4+ 56. Kf2 Bg4 57. Rg1 Re2+ 58. Kg3 Rxa2 59.
Rb1 b5 0-1

[Event "22. Torneo San Viator"]
[Site "Madrid ESP"]
[Date "2014.03.30"]
[Round "2.28"]
[White "Dominguez Afonso, Ayraldo"]
[Black "Mosteiro Montoro, Alvaro"]
[Result "1-0"]
[WhiteElo "1523"]
[BlackElo "1654"]
[PlyCount "105"]
[EventDate "2014.03.23"]
[EventType "swiss"]
[EventRounds "9"]
[EventCountry "ESP"]
[SourceTitle "Ajedrez en Madrid"]
[Source "lmi"]
[SourceDate "2014.03.23"]
[SourceVersion "1"]
[SourceVersionDate "2014.07.21"]
[SourceQuality "1"]

1. e4 c5 2. Nf3 d6 3. d4 cxd4 4. Nxd4 a6 5. Nc3 Nf6 6. Be2 b5 7. a3 Bb7 8. f3
e6 9. Be3 Be7 10. O-O O-O 11. Qe1 Nbd7 12. Rd1 Rc8 13. Kh1 Ne5 14. Qd2 d5 15.
exd5 Nxd5 16. Nxd5 Bxd5 17. Rfe1 Bc4 18. b3 Bxe2 19. Qxe2 Qe8 20. Bf4 Ng6 21.
Bg3 Bxa3 22. Qe4 Ne7 23. Qb7 Bc5 24. Qxa6 Bxd4 25. Rxd4 Nf5 26. Rd2 Nxg3+ 27.
hxg3 Qc6 28. Qxc6 Rxc6 29. Kg1 Rfc8 30. Ree2 f6 31. Kf1 Kf7 32. Ke1 Ke7 33. Kd1
Ra8 34. Kc1 Ra1+ 35. Kb2 Rca6 36. Kc3 Rb6 37. Kb4 Ra8 38. Re3 Ra7 39. Red3 Rab7
40. Kc5 b4 41. Rd7+ Rxd7 42. Rxd7+ Kxd7 43. Kxb6 Kd6 44. Kb5 g5 45. Kxb4 e5 46.
g4 e4 47. fxe4 Ke5 48. c4 Kf4 49. c5 Kxg4 50. c6 Kg3 51. c7 Kxg2 52. c8=Q Kh2
53. Qf5 1-0

[Event "22. Torneo San Viator"]
[Site "Madrid ESP"]
[Date "2014.03.30"]
[Round "2.29"]
[White "Charles Soria, Alberto"]
[Black "Ojosnegros Martin, Angel"]
[Result "1/2-1/2"]
[WhiteElo "1646"]
[BlackElo "1514"]
[PlyCount "54"]
[EventDate "2014.03.23"]
[EventType "swiss"]
[EventRounds "9"]
[EventCountry "ESP"]
[SourceTitle "Ajedrez en Madrid"]
[Source "lmi"]
[SourceDate "2014.03.23"]
[SourceVersion "1"]
[SourceVersionDate "2014.07.21"]
[SourceQuality "1"]

1. e4 e5 2. Nf3 Nc6 3. Bb5 Bc5 4. O-O Nge7 5. c3 Bb6 6. d4 exd4 7. cxd4 d5 8.
exd5 Nxd5 9. Re1+ Be6 10. Ng5 O-O 11. Nxe6 fxe6 12. Bxc6 bxc6 13. Be3 Rb8 14.
Na3 Ba5 15. Re2 Bb6 16. Nc4 Qd7 17. Ne5 Qe8 18. Rc1 Rd8 19. Nxc6 Rd6 20. Rec2
Rf5 21. Qg4 Nxe3 22. fxe3 Qf8 23. Qe2 h6 24. Rf1 Qe8 25. Rxf5 exf5 26. Qc4+ Kh8
27. Ne5 Re6 1/2-1/2

[Event "22. Torneo San Viator"]
[Site "Madrid ESP"]
[Date "2014.03.30"]
[Round "2.30"]
[White "Fintineru Seuleanu, Antonio"]
[Black "Castro Uceda, Jose Antonio"]
[Result "1/2-1/2"]
[WhiteElo "1498"]
[BlackElo "1620"]
[PlyCount "169"]
[EventDate "2014.03.23"]
[EventType "swiss"]
[EventRounds "9"]
[EventCountry "ESP"]
[SourceTitle "Ajedrez en Madrid"]
[Source "lmi"]
[SourceDate "2014.03.23"]
[SourceVersion "1"]
[SourceVersionDate "2014.07.21"]
[SourceQuality "1"]

1. e4 c5 2. Nf3 d6 3. Nc3 e6 4. Bc4 Nc6 5. a3 a6 6. d4 cxd4 7. Nxd4 Qb6 8. Nf3
Nf6 9. Qe2 Be7 10. O-O O-O 11. Rb1 Qc7 12. Re1 b5 13. Ba2 b4 14. axb4 Nxb4 15.
Bb3 Bb7 16. Bf4 e5 17. Bg5 Rad8 18. Rbc1 h6 19. Bxf6 Bxf6 20. Nd5 Nxd5 21. exd5
Rfe8 22. Qe4 Qb6 23. Ba4 Re7 24. b3 Rc7 25. c4 Qc5 26. Nh4 Bxd5 27. Qg4 Be6 28.
Qg3 d5 29. Nf3 dxc4 30. Nxe5 Bxe5 31. Rxe5 Qb4 32. Re4 Qd2 33. Qe3 c3 34. b4
Qxe3 35. fxe3 Rcc8 36. Rd4 Rxd4 37. exd4 Rc4 38. Bb3 Rxb4 39. Bxe6 fxe6 40.
Rxc3 Kf7 41. Rc7+ Kf6 42. Rc6 Rxd4 43. Rxa6 Kf5 44. Ra7 g6 45. Ra5+ Ke4 46. Ra6
Kf5 47. Ra8 e5 48. Kf2 h5 49. Rf8+ Kg5 50. Ke3 Rf4 51. Re8 Kf5 52. Rf8+ Kg5 53.
Re8 Rf5 54. g3 Kg4 55. Re6 g5 56. Ke4 Rf2 57. Rxe5 Rxh2 58. Ke3 Rg2 59. Ra5
Rxg3+ 60. Kf2 h4 61. Ra1 Rf3+ 62. Kg2 h3+ 63. Kh1 Kf4 64. Ra4+ Kg3 65. Ra1 g4
66. Rc1 h2 67. Rc3 Kf4 68. Rc4+ Kg3 69. Rc3 Kf4 70. Rc4+ Kg3 71. Rc3 Kh4 72.
Rc4 Rf1+ 73. Kxh2 Rf2+ 74. Kg1 Ra2 75. Rc8 Kh3 76. Rg8 Kg3 77. Kf1 Kf3 78. Rf8+
Ke3 79. Rg8 Ra4 80. Kg2 Kf4 81. Rf8+ Ke3 82. Kg3 Ke2 83. Rf4 Rxf4 84. Kxf4 Kf2
85. Kxg4 1/2-1/2

[Event "22. Torneo San Viator"]
[Site "Madrid ESP"]
[Date "2014.03.30"]
[Round "2.31"]
[White "Munoz Munoz, Pablo Ii"]
[Black "Marret, Constantin Pierre"]
[Result "0-1"]
[WhiteElo "1489"]
[BlackElo "1605"]
[PlyCount "34"]
[EventDate "2014.03.23"]
[EventType "swiss"]
[EventRounds "9"]
[EventCountry "ESP"]
[SourceTitle "Ajedrez en Madrid"]
[Source "lmi"]
[SourceDate "2014.03.23"]
[SourceVersion "1"]
[SourceVersionDate "2014.07.21"]
[SourceQuality "1"]

1. d4 Nf6 2. c4 c5 3. d5 b5 4. Qc2 bxc4 5. e4 d6 6. Bxc4 Nbd7 7. Nf3 g6 8. O-O
Bg7 9. h3 O-O 10. Nc3 Nb6 11. b3 Nxc4 12. bxc4 Nxe4 13. Bb2 Rb8 14. Rab1 Nxc3
15. Bxc3 Rxb1 16. Rxb1 Bf5 17. Qb2 Bxc3 0-1

[Event "22. Torneo San Viator"]
[Site "Madrid ESP"]
[Date "2014.03.30"]
[Round "2.32"]
[White "Barragan Panal, Juan Jose"]
[Black "Vidal Herrero-Vior, Pablo"]
[Result "1-0"]
[WhiteElo "1630"]
[BlackElo "1482"]
[PlyCount "83"]
[EventDate "2014.03.23"]
[EventType "swiss"]
[EventRounds "9"]
[EventCountry "ESP"]
[SourceTitle "Ajedrez en Madrid"]
[Source "lmi"]
[SourceDate "2014.03.23"]
[SourceVersion "1"]
[SourceVersionDate "2014.07.21"]
[SourceQuality "1"]

1. d4 d5 2. Nf3 Nf6 3. Bf4 Bf5 4. e3 e6 5. Bd3 Ne4 6. Nbd2 Nd7 7. Ne5 Nxe5 8.
dxe5 a6 9. a3 Be7 10. b4 O-O 11. Nxe4 Bxe4 12. Bxe4 dxe4 13. Qg4 f6 14. Qxe6+
Rf7 15. Rd1 Qf8 16. O-O Re8 17. Rd7 a5 18. Qc4 axb4 19. e6 bxa3 20. exf7+ Qxf7
21. Qxc7 a2 22. Ra1 Qh5 23. Rxa2 Qb5 24. Qxb7 Qh5 25. Qd5+ Qf7 26. Qxf7+ Kxf7
27. Raa7 Ke6 28. Rxe7+ Rxe7 29. Rxe7+ Kxe7 30. c4 Kd7 31. c5 Kc6 32. Bd6 Kd5
33. Kf1 Kc6 34. Ke2 g6 35. Kd2 Kd5 36. Kc3 Kc6 37. Kd4 f5 38. Ke5 h6 39. Kf6 f4
40. exf4 Kd5 41. Kxg6 Kd4 42. c6 1-0

[Event "22. Torneo San Viator"]
[Site "Madrid ESP"]
[Date "2014.03.30"]
[Round "2.33"]
[White "Lavandeira Hermoso, Alvaro"]
[Black "Andres Rodriguez, Florencio"]
[Result "0-1"]
[WhiteElo "1481"]
[BlackElo "1588"]
[PlyCount "33"]
[EventDate "2014.03.23"]
[EventType "swiss"]
[EventRounds "9"]
[EventCountry "ESP"]
[SourceTitle "Ajedrez en Madrid"]
[Source "lmi"]
[SourceDate "2014.03.23"]
[SourceVersion "1"]
[SourceVersionDate "2014.07.21"]
[SourceQuality "1"]

1. e4 c5 2. Nf3 Nc6 3. d4 cxd4 4. Nxd4 Nf6 5. Nc3 a6 6. a4 d6 7. Bd3 e6 8. Bc4
Be7 9. f3 Qc7 10. Qd2 O-O 11. h4 e5 12. Nf5 Bxf5 13. exf5 Nd5 14. Qd3 Rac8 15.
Ba2 b5 16. axb5 axb5 17. Bxd5 0-1

[Event "22. Torneo San Viator"]
[Site "Madrid ESP"]
[Date "2014.03.30"]
[Round "2.34"]
[White "Caravantes Camacho, Fernando"]
[Black "Estebanez Cuesta, Alfredo"]
[Result "0-1"]
[WhiteElo "1466"]
[BlackElo "1578"]
[PlyCount "82"]
[EventDate "2014.03.23"]
[EventType "swiss"]
[EventRounds "9"]
[EventCountry "ESP"]
[SourceTitle "Ajedrez en Madrid"]
[Source "lmi"]
[SourceDate "2014.03.23"]
[SourceVersion "1"]
[SourceVersionDate "2014.07.21"]
[SourceQuality "1"]

1. e4 e5 2. Nf3 d6 3. d4 exd4 4. Nxd4 c5 5. Bb5+ Bd7 6. Bxd7+ Qxd7 7. Nf5 g6 8.
Ng3 Nc6 9. Bf4 O-O-O 10. Nc3 Nd4 11. Qd2 h5 12. h4 Bh6 13. Bxh6 Nxh6 14. f3 f6
15. O-O-O Nf7 16. Nge2 Nb5 17. Nxb5 Qxb5 18. Nc3 Qd7 19. Nd5 Qe6 20. Qa5 Kb8
21. Rd3 Ne5 22. Rb3 Qf7 23. Qb5 Rc8 24. Nxf6 Nc6 25. c3 c4 26. Ra3 Qxf6 27.
Qxc4 Qf4+ 28. Kb1 Ne5 29. Qd4 Nc6 30. Qf2 Rhe8 31. Re1 d5 32. g3 Qf7 33. e5
Qf5+ 34. Ka1 Rxe5 35. Rxe5 Qxe5 36. b4 b6 37. Ra6 Qxc3+ 38. Kb1 Qxb4+ 39. Ka1
Nd4 40. Qb2 Nc2+ 41. Kb1 Qe1+ 0-1

[Event "22. Torneo San Viator"]
[Site "Madrid ESP"]
[Date "2014.03.30"]
[Round "2.35"]
[White "Perez Carballeira, Francisco"]
[Black "Hidalgo Prado, David"]
[Result "1-0"]
[WhiteElo "1606"]
[BlackElo "1448"]
[PlyCount "117"]
[EventDate "2014.03.23"]
[EventType "swiss"]
[EventRounds "9"]
[EventCountry "ESP"]
[SourceTitle "Ajedrez en Madrid"]
[Source "lmi"]
[SourceDate "2014.03.23"]
[SourceVersion "1"]
[SourceVersionDate "2014.07.21"]
[SourceQuality "1"]

1. d4 e6 2. c4 d5 3. Nc3 Nf6 4. cxd5 exd5 5. Bg5 Nbd7 6. e3 c6 7. Bd3 Bd6 8.
Nge2 O-O 9. O-O Qc7 10. Bf4 Re8 11. Rc1 Nf8 12. Nb5 Qd7 13. Nxd6 Rd8 14. Nxc8
Raxc8 15. Bg5 Qd6 16. Ng3 Re8 17. Nf5 Qe6 18. Bxf6 Qxf6 19. Qf3 Rcd8 20. Qg3
Rd7 21. Qh4 Qe6 22. Ng3 g6 23. Rfe1 f5 24. Ne2 Rg7 25. Qh3 Qf6 26. f4 Rge7 27.
Nc3 Ne6 28. Rf1 Nxd4 29. Rce1 Ne6 30. Qg3 Nc5 31. Bc2 h6 32. Qf2 Kg7 33. Qd2
Ne4 34. Bxe4 dxe4 35. Rd1 h5 36. Qd4 h4 37. Qxf6+ Kxf6 38. Rd6+ Re6 39. Rfd1
R8e7 40. Na4 b6 41. b3 c5 42. Nc3 Kf7 43. Rd7 a6 44. R1d6 b5 45. Kf2 c4 46. b4
Rxd6 47. Rxd6 Ra7 48. Ke2 Ke7 49. Rxg6 Kf7 50. Rd6 a5 51. Nxb5 Rb7 52. Rd5 Ke6
53. Re5+ Kf6 54. bxa5 c3 55. Rc5 Rg7 56. Kf2 Rb7 57. a4 Rd7 58. Nd4 Rb7 59.
Rxc3 1-0